Animals With the Strongest Bite - Statistics

General Stats
  • This quiz has been taken 103 times
  • The average score is 4 of 10
Answer Stats
Measured in PSI Answer % Correct
1,800 Hippopotamus
66%
2,125 American Alligator
60%
1,100 Hyena
54%
3,700 Saltwater Crocodile
44%
1,160 Grizzly Bear
43%
5,000 Nile Crocodile
43%
1,500 Jaguar
41%
1,200 Polar Bear
41%
1,300 Gorilla
28%
1,350 Bull shark
13%
No matching quizzes found
Score Distribution
Percent of People with Each Score
Percentile by Number Answered
Your Score History
You have not taken this quiz